Online Catalogue and eLibrary

Political theory, modernity, and postmodernity : (Record no. 447)

MARC details
000 -LEADER
fixed length control field 00632cam a2200217 a 4500
001 - CONTROL NUMBER
control field 2544086
005 - DATE AND TIME OF LATEST TRANSACTION
control field 20240221034416.0
008 - FIXED-LENGTH DATA ELEMENTS--GENERAL INFORMATION
fixed length control field 941227s1995 enk b 001 0 eng
020 ## - INTERNATIONAL STANDARD BOOK NUMBER
ISBN 0631191585
020 ## - INTERNATIONAL STANDARD BOOK NUMBER
ISBN 0631191593 (pbk.)
040 ## - CATALOGING SOURCE (பட்டியலாக்க மூலம்)
Original cataloging agency DLC
Transcribing agency DLC
Modifying agency DLC
082 00 - DDC Classification
Class No. 320.5
DDC Edition Number 20
Item Number - Author Mark POL.
100 1# - MAIN ENTRY--PERSONAL NAME
Personal name Rengger, N. J.
245 10 - TITLE STATEMENT
Title Political theory, modernity, and postmodernity :
Remainder of title beyond enlightenment and critique /
Statement of responsibility, etc. N.J. Rengger.
250 ## - EDITION STATEMENT
Edition statement 1st.
260 ## - PUBLICATION, DISTRIBUTION, ETC.
Place of publication, distribution, etc. Oxford, UK ;
-- Cambridge, Mass., USA :
Name of publisher, distributor, etc. Blackwell,
Date of publication, distribution, etc. 1995.
300 ## - PHYSICAL DESCRIPTION
Extent (e.g. Volumes, Pages etc.) xvii, 253 p. ;
650 #0 - SUBJECT ADDED ENTRY--TOPICAL TERM
Topical term or geographic name entry element Political science
650 #0 - SUBJECT ADDED ENTRY--TOPICAL TERM
Topical term or geographic name entry element Postmodernism.
942 ## - Koha item type (Biblio)
Koha item type Books in Stacks (Lending)
Holdings
Lost status Damaged status Collection code Home library Current library Date acquired Full call number Accession Number Item type
    Lending WERC Library WERC Library 02/21/2024 320.5 POL. 5411 Books in Stacks (Lending)

© WERC Library